000 00327nam a2200133 a 4500
008 970115s1969||||xx 0 und c
040 _aSNK
_bslo
_cSNK
_eAACR2
245 1 0 _aPiesne a verše pre múdrych i bláznov
260 _aBratislava
_bTatran
_c1969
300 _a607 s.
020 _c35
041 _aslo
044 _axo
_cSK
999 _c12269
_d12269